| 000 | 00739nam a22002777a 4500 | ||
|---|---|---|---|
| 001 | 0006259 | ||
| 003 | KOHA_MİRAKIL | ||
| 005 | 20260207001517.0 | ||
| 007 | ta | ||
| 008 | 090619b1995 tu |||gr||||#||||0|tur | | ||
| 040 |
_aTR-BiSEU _btur _cTR-BiSEU _erda |
||
| 041 | 0 | _atur | |
| 044 | _ctu | ||
| 050 |
_aKB810 _b.O54 1995 |
||
| 100 | 1 | _aÖnen, Turgut. | |
| 245 | 1 |
_aBorçlar hukuku/ _cTurgut Önen ; Turgut Önen. |
|
| 250 | _a3. bs. | ||
| 264 | 1 |
_aAnkara : _bSiyasal Kitabevi _c1995 |
|
| 300 | _aXXIV, 326 sayfa | ||
| 336 |
_ametin _btxt _2rdacontent |
||
| 337 |
_aaracısız _bn _2rdamedia |
||
| 338 |
_acilt _bnc _2rdacarrier |
||
| 500 | _aKaynakça var. | ||
| 650 | 0 |
_aBorçlar hukuku--Türkiye. _97303 |
|
| 942 |
_2lcc _cBK |
||
| 999 |
_c6240 _d6240 |
||